|
|
|
|
| LEADER |
01104nam a2200289 a 4500 |
| 001 |
790862 |
| 003 |
BD-DhAAL |
| 008 |
090830s1975 nyua j 000 1 eng d |
| 010 |
|
|
|a \\\74082605
|
| 020 |
|
|
|a 0834810328 (v. 1)
|
| 040 |
|
|
|a DLC
|c DLC
|d DLC
|d BD-DhAAL
|
| 082 |
0 |
0 |
|a 398.2/095
|2 18
|
| 245 |
0 |
0 |
|a Folk tales from Asia for children everywhere /
|c Asian Cultural Centre for Unesco.
|
| 250 |
|
|
|a First edition.
|
| 260 |
|
|
|a New York :
|b Weatherhill,
|c 1975.
|g (1979 printing)
|
| 300 |
|
|
|a 53 pages :
|b col. illustrations ;
|c 25 cm.
|
| 362 |
0 |
|
|a Vol. 1
|
| 490 |
0 |
|
|a Asian copublication programme series one
|
| 500 |
|
|
|a "Sponsored by the Asian Cultural Centre for Unesco."
|
| 541 |
1 |
|
|e 00002637
|
| 650 |
|
0 |
|a Tales
|z Asia.
|9 59438
|
| 650 |
|
0 |
|a Folklore
|z Asia.
|9 59439
|
| 710 |
2 |
|
|a Asian Cultural Centre for Unesco.
|9 59440
|
| 852 |
4 |
|
|a Ayesha Abed Library
|j General shelf
|
| 942 |
|
|
|2 ddc
|c BK
|
| 999 |
|
|
|c 3478
|d 3478
|
| 952 |
|
|
|0 0
|1 0
|2 ddc
|4 0
|6 398_209500000000000_FOL_1975
|7 0
|9 3158
|a BRACUL
|b BRACUL
|c GEN
|d 2009-09-01
|g 611.00
|l 4
|m 8
|o 398.2095 FOL
|p 3010002637
|r 2019-08-08
|s 2019-06-17
|t 1
|v 1222.00
|w 2009-09-01
|y BK
|